000 00945cam a2200265 i 4500
001 1369570069
003 OSt
005 20250430123007.0
008 230210s2022 si a ob 001 0 eng d
020 _z9789811928994 (hardcover)
040 _aGW5XE
_beng
_erda
_cGW5XE
_dNUST
050 4 _aQC718.5 SHI
100 1 _aShinohara, Shunjiro
_eAuthor
245 1 0 _aHigh-density helicon plasma science :
_bfrom basics to applications /
_cShunjiro Shinohara.
260 _aSingapore :
_bSpringer,
_c2022.
300 _axxi, 322 pages :
_bIllustrations ;
_c24 cm.
336 _atext
_btxt
_2rdacontent
337 _aunmediated
_bn
_2rdamedia
338 _avolume
_bnc
_2rdacarrier
440 _aSpringer series in plasma science and technology.
504 _aIncludes bibliographical references and index.
650 0 _vHigh-density plasmas.
650 0 _vHelicons (Electromagnetism).
942 _2lcc
_cBOOKS
_hQC718.5 SHI
_kQC
_mSHI
_n0
999 _c171727
_d171727